书目信息 |
| 题名: |
时间观
|
|
| 作者: | 加菲尔德 著 ;黄开 译 | |
| 分册: | ||
| 出版信息: | 天津 天津科学技术出版社 2020.01 |
|
| 页数: | 290页 | |
| 开本: | 24cm | |
| 丛书名: | ||
| 单 册: | ||
| 中图分类: | P19 | |
| 科图分类: | ||
| 主题词: | 时间--shi jian--研究 | |
| 电子资源: | ||
| ISBN: | 978-7-5576-7388-8 | |
| 000 | 01161nam0 2200265 450 | |
| 001 | 2061356904 | |
| 005 | 20201105170247.50 | |
| 010 | @a978-7-5576-7388-8@dCNY89.90 | |
| 100 | @a20200225d2020 em y0chiy50 ea | |
| 101 | 1 | @achi@ceng |
| 102 | @aCN@b120000 | |
| 105 | @ay z 000yy | |
| 200 | 1 | @a时间观@Ashi jian guan@f(英) 西蒙·加菲尔德著@d= Timekeepers@ehow the world became obsessed with time@fSimon Garfield@g黄开译@zeng |
| 210 | @a天津@c天津科学技术出版社@d2020.01 | |
| 215 | @a290页@d24cm | |
| 300 | @a湛庐 | |
| 314 | @a西蒙·加菲尔德, 英国知名记者和畅销书作家。 | |
| 330 | @a本书是一本以思辨法重新科学审视时间的图书, 结合丰富的案例, 深入探究和反思时间对我们的影响和改变。通过对历法、钟表行业、工业、电影、音乐等领域的论述, 讲述了工业革命后的250年间, 时间的演化和发展以及它如何改变人类的工作与生活。最后提出, 如何在更好地把握时间的基础上更好地生活。 | |
| 500 | 10 | @aTimekeepers : how the world became obsessed with time@mChinese |
| 606 | 0 | @a时间@Ashi jian@x研究 |
| 690 | @aP19@v5 | |
| 701 | 1 | @a加菲尔德@Ajia fei er de@g(Garfield, Simon)@4著 |
| 702 | 0 | @a黄开@Ahuang kai@4译 |
| 801 | 0 | @aCN@b人天书店@c20201024 |
| 905 | @aZUCC@dP19@eJ210 | |
| 时间观/(英) 西蒙·加菲尔德著= Timekeepers:how the world became obsessed with time/Simon Garfield/黄开译.-天津:天津科学技术出版社,2020.01 |
| 290页;24cm |
| 湛庐 |
| ISBN 978-7-5576-7388-8:CNY89.90 |
| 本书是一本以思辨法重新科学审视时间的图书, 结合丰富的案例, 深入探究和反思时间对我们的影响和改变。通过对历法、钟表行业、工业、电影、音乐等领域的论述, 讲述了工业革命后的250年间, 时间的演化和发展以及它如何改变人类的工作与生活。最后提出, 如何在更好地把握时间的基础上更好地生活。 |
| ● |
| 相关链接 |
|
|
|
正题名:时间观
索取号:P19/J210
 
预约/预借
| 序号 | 登录号 | 条形码 | 馆藏地/架位号 | 状态 | 备注 |
| 1 | 1479954 | 214799547 | 期刊室512/401自科库 111排1列6层/ [索取号:P19/J210] | 在馆 | |
| 2 | 1479955 | 214799556 | 自科库401/401自科库 112排1列2层/ [索取号:P19/J210] | 在馆 |